00527cam a22002051 4500001001300000003000400013005001700017008004100034010001700075035002000092040001800112042001200130050002000142100003800162245005500200260001600255300001800271500001500289999001700304sa 68000275 DLC20260227112422.0890919n1958 np 000 1 newo  asa 68000275  a(OCoLC)20365904 aDLCcWaUdDLC apremarc00aPL3801.N59bH771 aHridaya, Chitta Dhar,d1906-1982.10aThāybhu.bChittadhar ʻHridayaʼs short stories. c[1958 or 9] a75 p.c18 cm. aIn Newari. c77086d77086